NBA 3 Point Contest Winners - Statistics

General Stats
  • This quiz has been taken 28 times
    13 since last reset
  • The average score is 16 of 37
Answer Stats
Year Team Answer % Correct
2021 Warriors Stephen Curry
92%
2015 Warriors Stephen Curry
92%
2023 Trail Blazers Damian Lillard
83%
2016 Warriors Klay Thompson
75%
1988 Celtics Larry Bird
75%
1987 Celtics Larry Bird
75%
1986 Celtics Larry Bird
75%
2018 Suns Devin Booker
67%
2019 Nets Joe Harris
67%
2022 Timberwolves Karl Anthony-Towns
67%
2013 Cavaliers Kyrie Irving
58%
2020 Kings Buddy Hield
50%
2006 Mavericks Dirk Nowitzki
50%
2017 Rockets Eric Gordon
50%
2003 Kings Peja Stojakovic
50%
2002 Kings Peja Stojakovic
50%
2001 Bucks Ray Allen
50%
1997 Bulls Steve Kerr
50%
1994 Cavaliers Mark Price
42%
1993 Cavaliers Mark Price
42%
1992 Bulls Craig Hodges
33%
1991 Bulls Craig Hodges
33%
1990 Bulls Craig Hodges
33%
2000 Jazz Jeff Hornacek
33%
1998 Jazz Jeff Hornacek
33%
2011 Heat James Jones
25%
1989 SuperSonics Dale Ellis
17%
2008 Raptors Jason Kapono
17%
2007 Raptors Jason Kapono
17%
2012 Timberwolves Kevin Love
17%
2014 Spurs Marco Belinelli
17%
2010 Celtics Paul Pierce
17%
2009 Heat Daequan Cook
8%
1995 Heat Glen Rice
8%
2005 Suns Quentin Richardson
8%
1996 Wizards Tim Legler
8%
2004 Nuggets Voshon Lenard
8%
No matching quizzes found
Score Distribution
Percent of People with Each Score
Percentile by Number Answered
Your Score History
You have not taken this quiz since the last reset